The house key (Record no. 120818)

MARC details
000 -LEADER
fixed length control field 00976cai a22001815a 4500
001 - CONTROL NUMBER
control field E148054
008 - FIXED-LENGTH DATA ELEMENTS--GENERAL INFORMATION
fixed length control field 090717u xxk g 000 0 eng d
035 ## - SYSTEM CONTROL NUMBER
System control number (Sirsi) u148054
041 0# - LANGUAGE CODE
Language code of text/sound track or separate title eng
110 2# - MAIN ENTRY--CORPORATE NAME
Corporate name or jurisdiction name as entry element Scotland
Subordinate unit Scottish Government
9 (RLIN) 5344
245 04 - TITLE STATEMENT
Title The house key
Medium [electronic resource]
520 ## - SUMMARY, ETC.
Summary, etc. Section of the Scottish Government's website which provides access to 'The Housing Key', a directory of support services relating to housing in Scotland. Searches can be conducted by sector: housing support services; sheltered housing; and adaptations and repairs, or by organisation. Also includes a library of relevant publications and a glossary.
590 ## - LOCAL NOTE (RLIN)
Local note KA
651 #4 - SUBJECT ADDED ENTRY--GEOGRAPHIC NAME
Geographic name Scotland
Chronological subdivision 1999-
690 ## - LOCAL SUBJECT ADDED ENTRY--TOPICAL TERM (OCLC, RLIN)
Topical term or geographic name as entry element PROPERTY-RESIDENTIAL PROPERTY-DOMESTIC RESIDENTIAL PROPERTY-HOUSING
856 40 - ELECTRONIC LOCATION AND ACCESS
Uniform Resource Identifier <a href="https://www.scotland.gov.uk/Topics/Built-Environment/Housing/access/housingsupport/supportservices">https://www.scotland.gov.uk/Topics/Built-Environment/Housing/access/housingsupport/supportservices</a>
Public note View the website free of charge at www/scotland.gov.uk...
942 ## - ADDED ENTRY ELEMENTS (KOHA)
Suppress in OPAC 0
Holdings
Withdrawn status Lost status Source of classification or shelving scheme Damaged status Not for loan Home library Current library Shelving location Date acquired Total Checkouts Full call number Barcode Date last seen Copy number Price effective from Koha item type
    Dewey Decimal Classification     Virtual Virtual Online 17/07/2009   WEBSITE 148054-2001 06/08/2019 1 06/08/2019 Online material